000 00492nam a2200109Ia 4500
008 220620s9999||||xx |||||||||||||| ||und||
245 0 _aEducational Choices, Transitions and Aspirations in Europe
_bSystemic, Institutional and Subjective Challenges
546 _aEnglish[eng]
650 _aComparative; EU; Education; Europe; European; School; Union; Choice; Transition; Inequality; Aspiration; International; Justice; Social; Political
700 _aTarabini, Aina||Ingram, Nicola
942 _cEB
999 _c29657
_d29657